Lis profession in the changing invironment/ (Record no. 160598)

MARC details
000 -LEADER
fixed length control field 00545nam a22001817a 4500
005 - DATE AND TIME OF LATEST TRANSACTION
control field 20201117113127.0
010 ## - LCCN (DPL NO)
LC control number ENG-124744
020 ## - INTERNATIONAL STANDARD BOOK NUMBER
International Standard Book Number 9788190777711
Terms of availability 400.00
035 ## - SYSTEM CONTROL NUMBER
System control number EN-108276
037 ## - SOURCE OF ACQUISITION
Source of stock number/acquisition DBAD/PUB
082 ## - DEWEY DECIMAL CLASSIFICATION NUMBER
Classification number 020.954
245 ## - TITLE STATEMENT
Title Lis profession in the changing invironment/
Statement of responsibility, etc edited by Arjun Dasgupta
260 ## - PUBLICATION, DISTRIBUTION, ETC. (IMPRINT)
Place of publication, distribution, etc Kolkata
Name of publisher, distributor, etc Dr. J.N. Satpati
Date of publication, distribution, etc 2011
270 ## - ADDRESS
Address P-291,Scheme-6M, Kankurgachi
City Kolkata
Postal code 700054
300 ## - PHYSICAL DESCRIPTION
Extent 289p.
Dimensions 22cm(Hb)
700 ## - ADDED ENTRY--PERSONAL NAME
Personal name Dasgupta Arjun
942 ## - ADDED ENTRY ELEMENTS (KOHA)
Source of classification or shelving scheme Dewey Decimal Classification
Item type English Books
Classification part 020.954
Call number suffix LIS
Holdings
Withdrawn status Lost status Not for loan Collection code Home library Current library Date acquired Source of acquisition Cost, normal purchase price Full call number Barcode Copy number Cost, replacement price Koha item type
      Non-fiction Sarojini Nagar Sarojini Nagar 06/02/2019 DBAD/PUB 400.00 020.954 LIS EN-108276 1 400.00 English Books

© Delhi Public Library
Hit Counter
free hit counter